Michigan State Football: Top 10 All-Time Leaders - Statistics

General Stats
  • This quiz has been taken 27 times
  • The average score is 13 of 60
Answer Stats
Category # Player Amount % Correct
Passing Yards 2 Kirk Cousins 9,131
100%
Passing Yards 1 Connor Cook 9,194
70%
Passing Yards 8 Ed Smith 5,706
60%
Sacks 7 Robaire Smith 22.0
60%
Receiving Yards 10 Jayden Reed 2,069
50%
Rushing Yards 6 Le'Veon Bell 3,346
45%
Receiving Yards 7 Mark Bell 2,136
45%
Passing Yards 4 Brian Lewerke 8,293
40%
Passing Yards 3 Jeff Smoker 8,556
40%
Rushing Yards 1 Lorenzo White 4,513
40%
Receiving Yards 3 Charles Rogers 2,511
35%
Tackles 3 Greg Jones 465
35%
Sacks 9 Greg Jones 16.5
35%
Rushing Yards 8 Jeremy Langford 2,967
35%
Passing Yards 6 Payton Thorne 6,493
35%
Rushing Yards 3 Tico Duckett 4,176
35%
Rushing Yards 7 T.J. Duckett 3,318
35%
Receiving Yards 1 B.J. Cunningham 3,086
30%
Tackles 6 Chuck Bullough 391
30%
Passing Yards 5 Drew Stanton 6,524
30%
Tackles 2 Percy Snow 473
30%
Rushing Yards 2 Javon Ringer 4,398
25%
Rushing Yards 9 LJ Scott 2,855
25%
Sacks T2 Shilique Calhoun 26.0
25%
Receiving Yards 6 Aaron Burbridge 2,174
20%
Passing Yards 7 Brian Hoyer 6,159
20%
Sacks 8 Denicos Allen 19.5
20%
Receiving Yards 4 Kirk Gibson 2,347
20%
Sacks T5 Travis Davis 24.0
20%
Receiving Yards 2 Andre Rison 2,629
15%
Passing Yards 10 Bill Burke 5,059
15%
Receiving Yards 8 Courtney Hawkins 2,104
15%
Sacks 4 Julian Peterson 25.0
15%
Receiving Yards 5 Tony Lippett 2,247
15%
Tackles 9 Aric Morris 350
10%
Interceptions T4 Brad Van Pelt 14
10%
Tackles 1 Danny Bass 541
10%
Interceptions T7 Jesse Thomas 12
10%
Interceptions T4 John Miller 14
10%
Sacks T2 Kenny Willekes 26.0
10%
Interceptions T7 Mark Anderson 12
10%
Interceptions 3 Phil Parker 16
10%
Rushing Yards 4 Sedrick Irvin 3,414
10%
Interceptions 2 Todd Krumm 18
10%
Interceptions T7 Bill Simpson 12
5%
Rushing Yards 5 Blake Ezor 3,399
5%
Passing Yards 9 Dave Yarema 5,569
5%
Rushing Yards 10 Duane Goulbourne 2,734
5%
Receiving Yards 9 Eugene Byrd 2,082
5%
Tackles 4 Ike Reese 420
5%
Sacks 10 Jacub Panasiuk 16.0
5%
Interceptions 10 Johnny Adams 11
5%
Tackles 5 Josh Thornhill 395
5%
Sacks T5 Kelly Quinn 24.0
5%
Interceptions T4 Kurt Larson 14
5%
Sacks 1 Larry Bethea 33.0
5%
Interceptions 1 Lynn Chandnois 20
5%
Tackles 7 Ronald Stanley 368
5%
Tackles 8 Sorie Kanu 365
5%
Tackles 10 Thomas Wright 346
5%
No matching quizzes found
Score Distribution
Percent of People with Each Score
Percentile by Number Answered
Your Score History
You have not taken this quiz